|
|
|
|
| LEADER |
00000nab a2200000 a 4500 |
| 001 |
vtls009304301 |
| 003 |
SK-MaSNL |
| 005 |
20260304151042.0 |
| 008 |
250506c2008 xo |||||||||||000 b|slo |
| 015 |
|
|
|a SNBRB2008/06
|2 snkbucl
|
| 035 |
|
|
|a (uuid)a9dd1e15-0b09-4f3b-8e01-f838b733d431
|
| 035 |
|
|
|a urn:nbn:sk:snk-abetju
|
| 035 |
|
|
|a (urnnbn)urn:nbn:sk:snk:ar-0075un
|
| 038 |
|
|
|a SNKBUCL
|
| 040 |
|
|
|a SNKBUCL
|b slo
|c SNKBUCL
|e AACR2
|
| 041 |
0 |
|
|a slo
|
| 044 |
|
|
|a xo
|c SK
|
| 080 |
|
|
|a 598.279.1
|2 1997
|
| 100 |
1 |
|
|a Harvančík, Stanislav,
|d 1958-
|4 aut
|9 109395
|
| 245 |
1 |
0 |
|a Sup bielohlavý
|c Stanislav Harvančík
|
| 300 |
|
|
|b Fotogr.
|
| 650 |
0 |
7 |
|a sup bielohlavý
|2 snkbucl
|9 29363
|
| 773 |
0 |
|
|t Poľovníctvo a rybárstvo
|g Roč. 60, č. 6 (2008), s. 59
|x 0231-8768
|
| 850 |
|
|
|a Slovenská národná knižnica
|
| 852 |
|
|
|a Slovenská národná knižnica
|
| 958 |
|
|
|a article27
|
| 958 |
|
|
|a OND
|
| 999 |
|
|
|c 2941213
|d 2943143
|